[Event "IRL-ch"]
[Site "Dublin"]
[Date "2020.08.02"]
[Round "2"]
[White "Mirza, Diana"]
[Black "MacElligott, Gerard"]
[Result "0-1"]
[WhiteElo "1939"]
[BlackElo "2020"]
[PlyCount "74"]
[EventDate "2020.08.01"]
[EventType "swiss"]
[EventRounds "9"]
[EventCountry "IRL"]
[SourceTitle "CBM 197 Extra"]
[Source "ChessBase"]
[SourceDate "2020.09.30"]
[SourceVersion "1"]
[SourceVersionDate "2020.09.30"]
[SourceQuality "1"]

1. e4 c6 2. d4 d5 3. exd5 cxd5 4. Bd3 Nc6 5. c3 Nf6 6. Bf4 Bg4 7. Qb3 Qd7 8. Nd2 e6 9. Ngf3 Bd6 10. Ne5 Qc7 11. Nxg4 Bxf4 12. Nxf6+ gxf6 13. Nf3 0-0 14. g3 Bh6 15. Kf1 Kh8 16. Qc2 e5 17. Bxh7 e4 18. Bxe4 dxe4 19. Qxe4 Ne7 20. Re1 Qc6 21. Kg2 Nd5 22. Qh4 Kh7 23. Re4 f5 24. Ne5 Nf4+ 25. Qxf4 Qxe4+ 26. Qxe4 fxe4 27. Nd7 Rfd8 28. Nf6+ Kg6 29. Nxe4 b6 30. f4 Rd7 31. Kf3 Re8 32. Nf2 Rde7 33. Ng4 f6 34. h4 Kg7 35. b3 Re2 36. a4 R8e4 37. Rc1 f5 0-1

[Event "WchT Seniors 50"]
[Site "Rhodes"]
[Date "2019.04.21"]
[Round "6.10"]
[White "MacElligott, Gerard"]
[Black "Schulz, Petra"]
[Result "1/2-1/2"]
[WhiteElo "2025"]
[BlackElo "2051"]
[PlyCount "212"]
[EventDate "2019.04.16"]
[EventType "team-swiss"]
[EventRounds "9"]
[EventCountry "GRE"]
[SourceTitle "CBM 190 Extra"]
[Source "ChessBase"]
[SourceDate "2019.07.15"]
[SourceVersion "1"]
[SourceVersionDate "2019.07.15"]
[SourceQuality "1"]
[WhiteTeam "Ireland"]
[BlackTeam "Germany (Women)"]
[WhiteTeamCountry "IRL"]
[BlackTeamCountry "GER"]

1. d4 Nf6 2. c4 g6 3. g3 Bg7 4. Bg2 d6 5. Nf3 0-0 6. 0-0 Nbd7 7. Nc3 e5 8. e4 a6 9. Qc2 exd4 10. Nxd4 Re8 11. Rd1 c5 12. Nf3 Nb6 13. e5 Nfd7 14. exd6 Nxc4 15. Bf4 Ndb6 16. b3 Bf5 17. Qc1 Qf6 18. bxc4 Qxc3 19. Qxc3 Bxc3 20. Rac1 Bb2 21. Rb1 Bxb1 22. Rxb1 Nxc4 23. Bf1 Ne5 24. Nxe5 Bxe5 25. d7 Re7 26. Rxb7 Rd8 27. Bxe5 Rxe5 28. Bxa6 Rd5 29. Bb5 c4 30. Bxc4 R5xd7 31. Rxd7 Rxd7 32. a4 Ra7 33. Bb5 Kf8 34. h4 h6 35. Kg2 Ke7 36. Kf3 Kd6 37. Ke4 Re7+ 38. Kf3 Kc5 39. Be2 Kb4 40. Bb5 Re1 41. Bc6 Kc5 42. Bb5 f6 43. Kg4 f5+ 44. Kf3 Re4 45. Bd7 Kd6 46. Bb5 Rb4 47. Be8 g5 48. hxg5 hxg5 49. Bb5 Ke5 50. Bd7 Rb3+ 51. Kg2 Ra3 52. Bc6 Ra2 53. Kf3 g4+ 54. Ke3 Ra3+ 55. Ke2 Kd4 56. Bd7 Ra2+ 57. Kf1 Ke5 58. Kg2 Rd2 59. Bc8 Rc2 60. Bd7 Ra2 61. Kf1 Rd2 62. Bc8 Rc2 63. Bd7 Ke4 64. Kg2 Rc5 65. Bb5 f4 66. gxf4 Kxf4 67. Kf1 Rc1+ 68. Kg2 Rc2 69. Kf1 Kf3 70. Kg1 Rc1+ 71. Bf1 Ra1 72. a5 Rxa5 73. Bg2+ Kf4 74. Bb7 Ra1+ 75. Kg2 Ra2 76. Kf1 g3 77. fxg3+ Kxg3 78. Ke1 Kf4 79. Kd1 Ke3 80. Kc1 Kd3 81. Kb1 Ra7 82. Bc8 Kc3 83. Be6 Rb7+ 84. Ka1 Re7 85. Bg8 Re1+ 86. Ka2 Rg1 87. Be6 Rg6 88. Bd5 Rg5 89. Be6 Rg2+ 90. Kb1 Rb2+ 91. Ka1 Rb6 92. Bd5 Rd6 93. Bg8 Rd1+ 94. Ka2 Rg1 95. Bd5 Rg5 96. Bf7 Kc2 97. Bb3+ Kc3 98. Bf7 Rg2+ 99. Kb1 Rb2+ 100. Ka1 Kc2 101. Bg6+ Kc1 102. Bf7 Rb7 103. Bd5 Rb1+ 104. Ka2 Rb5 105. Bf7 Rb7 106. Bd5 Rb5 1/2-1/2

[Event "WchT Seniors 50"]
[Site "Rhodes"]
[Date "2019.04.20"]
[Round "5.10"]
[White "MacElligott, Gerard"]
[Black "Escofet Fernandez, Jaime"]
[Result "1/2-1/2"]
[WhiteElo "2025"]
[BlackElo "1970"]
[PlyCount "84"]
[EventDate "2019.04.16"]
[EventType "team-swiss"]
[EventRounds "9"]
[EventCountry "GRE"]
[SourceTitle "CBM 190 Extra"]
[Source "ChessBase"]
[SourceDate "2019.07.15"]
[SourceVersion "1"]
[SourceVersionDate "2019.07.15"]
[SourceQuality "1"]
[WhiteTeam "Ireland"]
[BlackTeam "Uruguay"]
[WhiteTeamCountry "IRL"]
[BlackTeamCountry "URU"]

1. d4 e6 2. c4 f5 3. g3 Nf6 4. Nf3 c6 5. Bg2 d5 6. 0-0 Bd6 7. Bf4 Bxf4 8. gxf4 0-0 9. e3 Nbd7 10. Nbd2 Ne4 11. Ne5 Nxe5 12. dxe5 Nxd2 13. Qxd2 b6 14. Rfd1 Bb7 15. Rac1 Qe7 16. b4 Rfd8 17. cxd5 cxd5 18. Bf1 Rac8 19. Be2 Qe8 20. Rxc8 Rxc8 21. Rc1 Rc6 22. a4 Qc8 23. Rxc6 Qxc6 24. Bb5 Qc8 25. a5 bxa5 26. bxa5 Qc5 27. Be2 Bc6 28. Qb2 Qxa5 29. Qb8+ Kf7 30. Bh5+ g6 31. Bf3 Be8 32. Qb7+ Kg8 33. Qe7 Bf7 34. h4 h5 35. Kg2 Qb6 36. Qg5 Kf8 37. Qf6 Qc7 38. Qh8+ Bg8 39. Qf6+ Qf7 40. Qd8+ Kg7 41. Be2 Qb7 42. Ba6 Qxa6 1/2-1/2

[Event "IRL-ch"]
[Site "Ennis"]
[Date "2017.07.29"]
[Round "1"]
[White "MacElligott, Gerard"]
[Black "O'Donnell, Conor"]
[Result "0-1"]
[WhiteElo "2015"]
[BlackElo "2389"]
[PlyCount "106"]
[EventDate "2017.07.29"]
[EventType "swiss"]
[EventRounds "9"]
[EventCountry "IRL"]
[SourceTitle "CBM 179 Extra"]
[Source "ChessBase"]
[SourceDate "2017.08.23"]
[SourceVersion "1"]
[SourceVersionDate "2017.08.23"]
[SourceQuality "1"]

1. d4 Nf6 2. c4 e6 3. Nc3 d5 4. Nf3 c6 5. g3 dxc4 6. Bg2 Nbd7 7. 0-0 b5 8. e4 Bb7 9. e5 Nd5 10. Ng5 h6 11. Nxe6 fxe6 12. Qh5+ g6 13. Qxg6+ Ke7 14. Nxd5+ cxd5 15. f4 Qe8 16. Qc2 Kd8 17. Bd2 b4 18. f5 exf5 19. Qxf5 Nb6 20. a3 bxa3 21. bxa3 Be7 22. Ba5 Kc7 23. e6 Rf8 24. Qh7 Kc6 25. Qc2 Ba6 26. Rab1 Rxf1+ 27. Rxf1 Rd8 28. Rf7 Bc8 29. Qh7 Bd6 30. Bxb6 axb6 31. e7 Rd7 32. Qf5 Bxe7 33. Qe6+ Kc7 34. Bxd5 Bb7 35. Bxc4 Bc6 36. Qe5+ Kb7 37. Qe6 Qd8 38. d5 Ba4 39. d6 Bg5 40. Bd5+ Kb8 41. Qf5 Rxf7 42. Qxf7 Qd7 43. Qf8+ Qc8 44. Qf7 Be8 45. Qf3 Qc5+ 46. Kg2 Qxd6 47. h4 Be7 48. Ba8 Qd2+ 49. Kh1 Qd7 50. Kh2 Bc5 51. a4 Qd2+ 52. Kh3 Bd7+ 53. g4 Qe3 0-1

[Event "IRL-ch"]
[Site "Dublin"]
[Date "2016.07.07"]
[Round "6"]
[White "MacElligott, Gerard"]
[Black "Delaney, Killian"]
[Result "0-1"]
[WhiteElo "2060"]
[BlackElo "2190"]
[PlyCount "116"]
[EventDate "2016.07.02"]
[EventType "swiss"]
[EventRounds "9"]
[EventCountry "IRL"]
[SourceTitle "CBM 173 Extra"]
[Source "ChessBase"]
[SourceDate "2016.08.29"]
[SourceVersion "1"]
[SourceVersionDate "2016.08.29"]
[SourceQuality "1"]

1. d4 Nf6 2. c4 g6 3. Nc3 Bg7 4. Nf3 0-0 5. Bg5 c5 6. e3 cxd4 7. exd4 d5 8. Be2 dxc4 9. Bxc4 Bg4 10. d5 Nbd7 11. 0-0 Rc8 12. Be2 Nb6 13. Qb3 Nfxd5 14. Rfd1 Bxc3 15. bxc3 Rxc3 16. Qb2 Qc7 17. Bh6 Rc8 18. Nd4 Bd7 19. Nb5 Bxb5 20. Bxb5 Nf6 21. h3 Nbd5 22. Ba4 e6 23. Bb3 a6 24. Qd2 Qe5 25. Re1 Qf5 26. Rad1 b5 27. Qd4 Qh5 28. Bxd5 Qxh6 29. Bb7 Nd5 30. Bxc8 Rxc8 31. Qd2 Qxd2 32. Rxd2 Rc4 33. Rb1 Kf8 34. g3 Ke7 35. f4 h5 36. h4 Kd6 37. Kf2 Kc5 38. Rb3 a5 39. a3 a4 40. Rbd3 Rc1 41. Kf3 Rc3 42. Rxc3+ Nxc3 43. Ke3 Kc4 44. Rc2 Kb3 45. Kd3 Nb1 46. Rc7 Nxa3 47. Rxf7 b4 48. Rf6 Nc4 49. Rxg6 a3 50. Rxe6 a2 51. Re1 Na3 52. Ra1 Kb2 53. f5 Kxa1 54. f6 b3 55. f7 b2 56. f8Q b1Q+ 57. Ke2 Qc2+ 58. Kf3 Kb2 0-1

[Event "Bunratty Masters op 23rd"]
[Site "Bunratty"]
[Date "2016.02.21"]
[Round "5"]
[White "MacElligott, Gerard"]
[Black "Murray, David"]
[Result "0-1"]
[WhiteElo "2082"]
[BlackElo "2181"]
[PlyCount "90"]
[EventDate "2016.02.19"]
[EventType "swiss"]
[EventRounds "6"]
[EventCountry "IRL"]
[SourceTitle "EXT 2017"]
[Source "ChessBase"]
[SourceDate "2016.10.25"]
[SourceVersion "1"]
[SourceVersionDate "2016.10.25"]
[SourceQuality "1"]

1. d4 Nf6 2. c4 g6 3. Nc3 d5 4. cxd5 Nxd5 5. e4 Nxc3 6. bxc3 Bg7 7. Be3 c5 8. Qd2 cxd4 9. cxd4 Nc6 10. Rc1 Nxd4 11. Ne2 Nc6 12. Qxd8+ Nxd8 13. Nf4 e6 14. Bb5+ Bd7 15. Bxd7+ Kxd7 16. Ke2 Nc6 17. Rhd1+ Kc7 18. Nd3 Rad8 19. Bf4+ Kc8 20. Ne5 Rxd1 21. Kxd1 Rd8+ 22. Ke2 Bxe5 23. Bxe5 f5 24. Ke3 Kd7 25. Bf6 Rf8 26. Rd1+ Kc7 27. Bg5 Rf7 28. Rc1 Rd7 29. h3 b5 30. g4 Kb6 31. gxf5 exf5 32. exf5 gxf5 33. Kf4 Rd2 34. Bh4 Rxa2 35. Kxf5 b4 36. f4 Kb5 37. Ke4 Rh2 38. f5 Rxh3 39. Bf2 Rh6 40. Rc5+ Ka4 41. Be3 Rd6 42. Rd5 Rxd5 43. Kxd5 Ne7+ 44. Ke5 Nxf5 45. Bxa7 b3 0-1

[Event "Bunratty Masters op 23rd"]
[Site "Bunratty"]
[Date "2016.02.20"]
[Round "2"]
[White "MacElligott, Gerard"]
[Black "Gelip, Ioana"]
[Result "1-0"]
[WhiteElo "2082"]
[BlackElo "2132"]
[PlyCount "43"]
[EventDate "2016.02.19"]
[EventType "swiss"]
[EventRounds "6"]
[EventCountry "IRL"]
[SourceTitle "EXT 2017"]
[Source "ChessBase"]
[SourceDate "2016.10.25"]
[SourceVersion "1"]
[SourceVersionDate "2016.10.25"]
[SourceQuality "1"]

1. d4 Nf6 2. c4 e6 3. g3 Bb4+ 4. Bd2 Qe7 5. Bg2 0-0 6. Nf3 Bxd2+ 7. Qxd2 Ne4 8. Qc2 Qb4+ 9. Nbd2 Nxd2 10. Qxd2 Qxc4 11. 0-0 Nc6 12. e4 Qb4 13. Qd3 Qe7 14. a3 a5 15. Rfe1 d6 16. Rac1 Nb8 17. Qc3 c6 18. Nd2 b5 19. d5 Bb7 20. Nb3 Qf6 21. e5 Qd8 22. dxc6 1-0

[Event "Bunratty Masters op 23rd"]
[Site "Bunratty"]
[Date "2016.02.19"]
[Round "1"]
[White "Bates, Richard"]
[Black "MacElligott, Gerard"]
[Result "1-0"]
[WhiteElo "2332"]
[BlackElo "2082"]
[PlyCount "49"]
[EventDate "2016.02.19"]
[EventType "swiss"]
[EventRounds "6"]
[EventCountry "IRL"]
[SourceTitle "EXT 2017"]
[Source "ChessBase"]
[SourceDate "2016.10.25"]
[SourceVersion "1"]
[SourceVersionDate "2016.10.25"]
[SourceQuality "1"]

1. d4 e6 2. Nf3 f5 3. g3 Nf6 4. Bg2 Be7 5. 0-0 0-0 6. c4 d6 7. Nc3 Ne4 8. Bd2 Nc6 9. d5 Nxd2 10. Qxd2 Ne5 11. b3 Nxf3+ 12. exf3 e5 13. f4 exf4 14. Qxf4 Bf6 15. Qd2 f4 16. Rfe1 Be5 17. Rac1 Bf5 18. Nb5 Bg4 19. c5 Rf7 20. Rc4 Qf6 21. cxd6 cxd6 22. Nc7 Rc8 23. Rec1 Bd4 24. Ne6 Bxe6 25. dxe6 1-0

[Event "IRL-ch"]
[Site "Dublin"]
[Date "2015.07.07"]
[Round "4"]
[White "MacElligott, Gerard"]
[Black "O'Rourke, Ray"]
[Result "1-0"]
[WhiteElo "2062"]
[BlackElo "1984"]
[PlyCount "119"]
[EventDate "2015.07.04"]
[EventType "swiss"]
[EventRounds "9"]
[EventCountry "IRL"]
[SourceTitle "CBM 167 Extra"]
[Source "ChessBase"]
[SourceDate "2015.09.14"]
[SourceVersion "1"]
[SourceVersionDate "2015.09.14"]
[SourceQuality "1"]

1. Nf3 Nf6 2. g3 c5 3. Bg2 Nc6 4. d4 cxd4 5. Nxd4 e5 6. Nxc6 bxc6 7. 0-0 h6 8. c4 Be7 9. Nc3 0-0 10. Qd2 Ba6 11. b3 Rc8 12. Bb2 Bb4 13. a3 Be7 14. Na4 Qc7 15. Rac1 d6 16. Rfd1 Qb8 17. b4 Rfd8 18. Qe3 Bb7 19. c5 Nd5 20. Qb3 Ba6 21. e3 dxc5 22. Nxc5 Be2 23. Rd2 Bg4 24. h3 Bxc5 25. Rxc5 Be6 26. Qd1 f6 27. Qe2 Rc7 28. Rdc2 Qc8 29. Kh2 a6 30. Ra5 Nb6 31. Qxa6 Qb8 32. Rac5 Bc4 33. R5xc4 Ra7 34. Qxa7 Qxa7 35. Rxc6 Rd7 36. R2c5 Rb7 37. Be4 Qa4 38. Bc2 Qa6 39. Bb3+ Kh7 40. Bc2+ Kg8 41. Bg6 Kf8 42. Kg2 Qe2 43. Re6 Rb8 44. Bc1 Qa2 45. Rd6 Qe2 46. Rcc6 e4 47. Bxe4 Qb5 48. Bb2 Qe2 49. Bd4 Nc4 50. Bc5 Kg8 51. Bd5+ Kh7 52. Bxc4 Qxc4 53. Ba7 Qe4+ 54. f3 Qe8 55. Bxb8 Qxe3 56. Rc2 Qxa3 57. Rd4 Qb3 58. Rdc4 h5 59. h4 Qa4 60. Bf4 1-0

[Event "IRL-ch"]
[Site "Dublin"]
[Date "2015.07.06"]
[Round "3"]
[White "O'Neill, Paul Sean"]
[Black "MacElligott, Gerard"]
[Result "1-0"]
[WhiteElo "1954"]
[BlackElo "2062"]
[PlyCount "171"]
[EventDate "2015.07.04"]
[EventType "swiss"]
[EventRounds "9"]
[EventCountry "IRL"]
[SourceTitle "CBM 167 Extra"]
[Source "ChessBase"]
[SourceDate "2015.09.14"]
[SourceVersion "1"]
[SourceVersionDate "2015.09.14"]
[SourceQuality "1"]

1. e4 e6 2. Nf3 d5 3. Nc3 Nf6 4. e5 Nfd7 5. d4 c5 6. dxc5 Nc6 7. Bf4 Bxc5 8. Bd3 f6 9. exf6 Nxf6 10. 0-0 0-0 11. Ne5 Bd7 12. a3 a6 13. Qe2 Qe7 14. Rae1 Rae8 15. Kh1 Nxe5 16. Bxe5 Bc6 17. Nb1 Qf7 18. Nd2 Qh5 19. Nf3 Ne4 20. Bd4 Rf4 21. Bxc5 Nxc5 22. Qe3 Nxd3 23. cxd3 Qf5 24. Nd4 Qf6 25. Ne2 Rg4 26. d4 Bb5 27. f4 Qg6 28. Rf2 Rf8 29. g3 h5 30. Nc3 Bd7 31. Rg1 h4 32. Rfg2 Rf5 33. gxh4 Rxg2 34. Rxg2 Qh6 35. Rg4 Qh5 36. h3 e5 37. dxe5 d4 38. Qxd4 Bc6+ 39. Kh2 Qf7 40. Ne2 Bf3 41. Qe3 Bxe2 42. Qxe2 Rxf4 43. Kg3 Rf5 44. e6 Qe7 45. Rd4 Qc7+ 46. Kg4 Rf6 47. Qe4 Qe7 48. Rd7 Qxe6+ 49. Qxe6+ Rxe6 50. Rxb7 Re4+ 51. Kg5 Re3 52. Rb6 Rxh3 53. Rxa6 Rb3 54. a4 Rxb2 55. Ra7 Rg2+ 56. Kh5 Ra2 57. a5 Kh7 58. Kg5 Rg2+ 59. Kf4 Rh2 60. Kg3 Ra2 61. a6 Ra3+ 62. Kf4 Ra4+ 63. Ke5 Rxh4 64. Ke6 Ra4 65. Ke7 Ra1 66. Kf8 Rf1+ 67. Rf7 Ra1 68. Rxg7+ Kh8 69. Ra7 Ra2 70. Ra8 Ra1 71. Ke7+ Kg7 72. Kd7 Kf7 73. Kc7 Rc1+ 74. Kb7 Rb1+ 75. Ka7 Ke7 76. Rb8 Ra1 77. Rb6 Rd1 78. Rh6 Kd7 79. Kb7 Rc1 80. a7 Rc7+ 81. Kb6 Rc8 82. Rh7+ Kd6 83. Kb7 Rc1 84. a8Q Rb1+ 85. Kc8 Rc1+ 86. Kd8 1-0

[Event "IRL-ch"]
[Site "Dublin"]
[Date "2015.07.05"]
[Round "2"]
[White "MacElligott, Gerard"]
[Black "Crichton, Martin"]
[Result "1-0"]
[WhiteElo "2062"]
[BlackElo "1973"]
[PlyCount "89"]
[EventDate "2015.07.04"]
[EventType "swiss"]
[EventRounds "9"]
[EventCountry "IRL"]
[SourceTitle "CBM 167 Extra"]
[Source "ChessBase"]
[SourceDate "2015.09.14"]
[SourceVersion "1"]
[SourceVersionDate "2015.09.14"]
[SourceQuality "1"]

1. d4 d5 2. Bf4 Nf6 3. e3 e6 4. Nf3 c5 5. c3 Nbd7 6. Nbd2 Be7 7. Bd3 b6 8. 0-0 Bb7 9. Ne5 0-0 10. Qf3 g6 11. Qh3 Ne4 12. Ndf3 Nxe5 13. Nxe5 Bg5 14. Bxg5 Nxg5 15. Qh6 f5 16. f4 Nf7 17. Qh3 Qc8 18. g4 Nxe5 19. fxe5 Ba6 20. Bxa6 Qxa6 21. gxf5 exf5 22. Rf4 Rae8 23. Qg2 Rd8 24. Raf1 Qxa2 25. Rxf5 Rxf5 26. Rxf5 Rf8 27. Rxf8+ Kxf8 28. Qf2+ Ke8 29. Kg2 Qb1 30. Kg3 cxd4 31. exd4 Qe4 32. Qf3 Qe1+ 33. Kh3 h5 34. Qf6 Qe3+ 35. Kh4 Qe4+ 36. Kg5 Qe3+ 37. Kxg6 Qe4+ 38. Kg7 Kd7 39. Qf7+ Kc6 40. Qe8+ Kc7 41. Qxh5 Qg2+ 42. Kf8 Qxb2 43. e6 Qxc3 44. Qf7+ Kb8 45. e7 1-0

[Event "Bunratty Masters op 22nd"]
[Site "Bunratty"]
[Date "2015.02.22"]
[Round "5"]
[White "Harding, Timothy David"]
[Black "MacElligott, Gerard"]
[Result "0-1"]
[WhiteElo "2106"]
[BlackElo "2080"]
[PlyCount "72"]
[EventDate "2015.02.20"]
[EventType "swiss"]
[EventRounds "6"]
[EventCountry "IRL"]
[SourceTitle "CBM 165 Extra"]
[Source "ChessBase"]
[SourceDate "2015.04.21"]
[SourceVersion "1"]
[SourceVersionDate "2015.04.21"]
[SourceQuality "1"]

1. d4 Nf6 2. Nc3 d5 3. Bg5 e6 4. e4 Be7 5. e5 Nfd7 6. Bxe7 Qxe7 7. Qd2 a6 8. Nd1 c5 9. c3 Nc6 10. f4 0-0 11. Nf3 f6 12. Nf2 b5 13. Be2 Bb7 14. 0-0 Rac8 15. Kh1 Rc7 16. Nd3 b4 17. exf6 Rxf6 18. Nde5 Rf8 19. Qe3 bxc3 20. Nxc6 Bxc6 21. bxc3 Bb5 22. Ng5 Re8 23. Bxb5 axb5 24. Qd3 Nf6 25. Qxb5 h6 26. Nf3 Ne4 27. Rac1 Rec8 28. Qb3 Qf6 29. g3 cxd4 30. Nxd4 Nd2 31. Qb6 Nxf1 32. Rxf1 e5 33. Qxf6 gxf6 34. fxe5 fxe5 35. Ne2 Re8 36. Rf5 Rce7 0-1

[Event "IRL-ch"]
[Site "Dublin"]
[Date "2014.07.12"]
[Round "8"]
[White "Brady, Stephen"]
[Black "MacElligott, Gerard"]
[Result "1/2-1/2"]
[WhiteElo "2338"]
[BlackElo "2013"]
[PlyCount "144"]
[EventDate "2014.07.05"]
[EventType "swiss"]
[EventRounds "9"]
[EventCountry "IRL"]
[SourceTitle "CBM 161 Extra"]
[Source "ChessBase"]
[SourceDate "2014.08.29"]
[SourceVersion "1"]
[SourceVersionDate "2014.08.29"]
[SourceQuality "1"]

1. e4 c5 2. c3 d5 3. exd5 Nf6 4. Bb5+ Nbd7 5. c4 a6 6. Bxd7+ Qxd7 7. Nc3 e6 8. Qe2 Be7 9. dxe6 Qxe6 10. b3 0-0 11. Qxe6 Bxe6 12. Nge2 Rfe8 13. Bb2 Rad8 14. f3 Bf5 15. 0-0-0 Bd6 16. Ng3 Bd3 17. Rde1 Bf4 18. Rxe8+ Rxe8 19. Nd1 b5 20. cxb5 axb5 21. Nf2 Bg6 22. Bxf6 gxf6 23. Nge4 Rc8 24. Nxf6+ Kg7 25. Nd5 Be5 26. Ne7 Rc7 27. Nxg6 hxg6 28. Nd3 Bd4 29. Kb1 Rd7 30. Nc1 Be5 31. d3 Bf4 32. Ne2 Be5 33. f4 Bf6 34. Kc2 Ra7 35. Nc1 Bd4 36. Re1 b4 37. h3 Kf6 38. Re4 Kf5 39. Kb1 Rd7 40. Ne2 Bf2 41. Kc2 Ra7 42. Nc1 Bd4 43. Kb1 Rd7 44. g4+ Kf6 45. Kc2 Ra7 46. Kd1 Ra8 47. Re2 Rh8 48. Rh2 Be3 49. Ne2 Ra8 50. Ng3 Bxf4 51. Ne4+ Ke5 52. Rc2 Be3 53. Nxc5 Bxc5 54. Rxc5+ Kd4 55. Rc4+ Kxd3 56. Rxb4 Rxa2 57. Ke1 Ke3 58. Kd1 Kd3 59. Rc4 Rh2 60. Kc1 Rxh3 61. Kb2 Rh2+ 62. Ka3 f5 63. gxf5 gxf5 64. Rf4 Rh5 65. b4 Ke3 66. Rf1 f4 67. Ka4 f3 68. b5 Ke2 69. Rb1 f2 70. b6 f1Q 71. Rxf1 Kxf1 72. b7 Rh8 1/2-1/2

[Event "IRL-ch"]
[Site "Dublin"]
[Date "2014.07.10"]
[Round "6"]
[White "MacElligott, Gerard"]
[Black "McMahon, Daire"]
[Result "1-0"]
[WhiteElo "2013"]
[BlackElo "2153"]
[PlyCount "102"]
[EventDate "2014.07.05"]
[EventType "swiss"]
[EventRounds "9"]
[EventCountry "IRL"]
[SourceTitle "CBM 161 Extra"]
[Source "ChessBase"]
[SourceDate "2014.08.29"]
[SourceVersion "1"]
[SourceVersionDate "2014.08.29"]
[SourceQuality "1"]

1. d4 f5 2. g3 Nf6 3. Bg2 e6 4. Nf3 d5 5. 0-0 Bd6 6. Nbd2 Nbd7 7. c4 c6 8. Qc2 Ne4 9. Ne1 0-0 10. Nd3 Qf6 11. Nf3 g5 12. Nfe5 Qg7 13. f3 Nef6 14. Bd2 Kh8 15. Rae1 Rg8 16. e4 f4 17. Nxd7 Nxd7 18. e5 Be7 19. gxf4 dxc4 20. Qxc4 Nb6 21. Qc2 Bd7 22. fxg5 Bxg5 23. Bxg5 Qxg5 24. Nc5 Rg7 25. f4 Qh6 26. Kh1 Rag8 27. Be4 Bc8 28. Nd3 Nd5 29. Bxd5 exd5 30. f5 Qh3 31. Nf4 Qxf5 32. Qxf5 Bxf5 33. Nh5 Rg5 34. Nf6 R8g7 35. Re3 Be6 36. Ne8 Re7 37. Rf8+ Rg8 38. Rxg8+ Kxg8 39. Rg3+ Kf8 40. Nf6 b6 41. Rc3 c5 42. dxc5 d4 43. Rd3 bxc5 44. b4 cxb4 45. Rxd4 a5 46. Rd8+ Kg7 47. Ra8 Bxa2 48. Rxa5 Bc4 49. Ne4 Rd7 50. Nd6 Be6 51. Kg2 Rc7 1-0

[Event "IRL-ch"]
[Site "Dublin"]
[Date "2014.07.06"]
[Round "2"]
[White "MacElligott, Gerard"]
[Black "Twomey, Pat"]
[Result "1-0"]
[WhiteElo "2013"]
[BlackElo "1872"]
[PlyCount "22"]
[EventDate "2014.07.05"]
[EventType "swiss"]
[EventRounds "9"]
[EventCountry "IRL"]
[SourceTitle "CBM 161 Extra"]
[Source "ChessBase"]
[SourceDate "2014.08.29"]
[SourceVersion "1"]
[SourceVersionDate "2014.08.29"]
[SourceQuality "1"]

1. d4 d5 2. Nf3 Bg4 3. Ne5 Bh5 4. c4 e6 5. Qb3 b6 6. e3 Nf6 7. cxd5 exd5 8. Bb5+ Nbd7 9. Nc3 Bd6 10. Nc6 Qc8 11. Nxd5 0-0 1-0

[Event "IRL-ch"]
[Site "Limerick"]
[Date "2013.07.11"]
[Round "6.5"]
[White "MacElligott, Gerard"]
[Black "Delaney, Killian"]
[Result "0-1"]
[WhiteElo "2050"]
[BlackElo "2117"]
[PlyCount "116"]
[EventDate "2013.07.06"]
[EventType "swiss"]
[EventRounds "9"]
[EventCountry "IRL"]
[SourceTitle "EXT 2023"]
[Source "ChessBase"]
[SourceDate "2022.10.05"]
[SourceVersion "1"]
[SourceVersionDate "2022.10.05"]
[SourceQuality "1"]

1. d4 Nf6 2. c4 g6 3. Nc3 Bg7 4. e4 d6 5. Nf3 0-0 6. Be2 e5 7. dxe5 dxe5 8. Qxd8 Rxd8 9. Bg5 c6 10. Nxe5 Re8 11. 0-0-0 h6 12. Bh4 Na6 13. f4 g5 14. fxg5 hxg5 15. Bg3 Nc5 16. Nf3 Nfxe4 17. Nxe4 Nxe4 18. Be1 g4 19. Nd4 Nc5 20. Bf2 Na4 21. Bd3 c5 22. Nb5 Nxb2 23. Nc7 Nxd1 24. Rxd1 Be6 25. Bxc5 Rec8 26. Bd6 Rxc7 27. Bxc7 Rc8 28. Bg3 Bxc4 29. Bxc4 Rxc4+ 30. Kb1 Rb4+ 31. Kc1 Rb2 32. Rd8+ Kh7 33. Rd7 Kg6 34. a4 Rb4 35. Kc2 f5 36. a5 Ra4 37. Kb3 Rxa5 38. Rxb7 a6 39. h3 Be5 40. Bxe5 Rxe5 41. hxg4 fxg4 42. Rb6+ Kg5 43. Rxa6 Re2 44. g3 Re3+ 45. Kc2 Rxg3 46. Kd2 Rf3 47. Ke2 Kh4 48. Ra1 Rf8 49. Rh1+ Kg3 50. Rg1+ Kh3 51. Rh1+ Kg2 52. Rh5 Re8+ 53. Kd2 g3 54. Rf5 Kg1 55. Rh5 g2 56. Rf5 Rg8 57. Ke2 Kh2 58. Rh5+ Kg3 0-1